01244nam a2200265 a 4500001001000000005001700010008004100027041000800068044000700076084002600083100004500109245007600154260004000230300003600270500016100306500009900467500011600566500004900682500001000731650005200741650005600793650003400849650004500883740005000928BRCA_237320190320203759.0071108s1897----sp-#---###---#000-0#spa-u aspa asp a014b.M67c1897 F16081 aCervantes Saavedra, Miguel ded1547-161610aEl Ingenioso Hidalgo Don Quixote de la Manchaccompuesto por Cervantes. aBarcelonabMontaner y Simónc1897 a1 v. (sin paginación)c23 cm. aContenido : Tasa. Privilegio de Castilla. Privilegio de Portugal. Dedicatoria del autor al Duque de Béjar. Prólogo del autor. Versos preliminares. Texto aFacsímil de : El ingenioso hidalgo Don Quixote de la Mancha. Madrid: Juan de la Cuesta, 1608 aFacsímil de la tercera edición de la primera parte de Cuesta, por completo igual al LO-013 Lúdovik Osterc aCon ex-libris de : Pedro Marroquín Aguirre aQM22214aNovela españolayÉpoca clásica, 1500-170014aLiteratura españolayÉpoca clásica, 1500-170014aNovela españolaySiglo XVII14aDon Quijote (Personaje ficticio)eNovela0 aEl Ingenioso Hidalgo Don Quijote de la Mancha